[Event "Barcelona Sant Marti op 9th"]
[Site "Barcelona"]
[Date "2020.03.12"]
[Round "9"]
[White "Padros Martinez, Albert"]
[Black "Cruz Saez, Alejandro"]
[Result "0-1"]
[WhiteElo "1932"]
[BlackElo "1597"]
[PlyCount "58"]
[EventDate "2020.01.16"]
[EventType "swiss"]
[EventRounds "9"]
[EventCountry "ESP"]
[SourceTitle "EXT 2021"]
[Source "ChessBase"]
[SourceDate "2020.10.23"]
[SourceVersion "1"]
[SourceVersionDate "2020.10.23"]
[SourceQuality "1"]

1. c4 c5 2. Nc3 g6 3. g3 Bg7 4. Bg2 Nc6 5. e3 d6 6. Nge2 e5 7. 0-0 f5 8. d4 cxd4 9. exd4 e4 10. f3 exf3 11. Bxf3 Nf6 12. Bf4 a6 13. Qa4 0-0 14. Bxc6 bxc6 15. Qxc6 Rb8 16. Qxd6 Rxb2 17. Qxd8 Rxd8 18. Rab1 Rc2 19. Rfc1 Rxc1+ 20. Bxc1 Ne4 21. Nxe4 fxe4 22. d5 Bg4 23. Nf4 Bd4+ 24. Kf1 Rf8 25. Ba3 Rf7 26. h4 h6 27. Rb8+ Kh7 28. Rf8 Rb7 29. Ne6 Rb1+ 0-1

[Event "Barcelona La Lira op 12th"]
[Site "Barcelona"]
[Date "2019.06.06"]
[Round "9"]
[White "Cruz Saez, Alejandro"]
[Black "Serentill Tost, Eduard"]
[Result "0-1"]
[WhiteElo "1585"]
[BlackElo "1667"]
[PlyCount "72"]
[EventDate "2019.04.04"]
[EventType "swiss"]
[EventRounds "9"]
[EventCountry "ESP"]
[SourceTitle "CBM 190 Extra"]
[Source "ChessBase"]
[SourceDate "2019.07.15"]
[SourceVersion "1"]
[SourceVersionDate "2019.07.15"]
[SourceQuality "1"]

1. e4 c6 2. d3 d5 3. Nd2 Nf6 4. Ngf3 Bg4 5. e5 Nfd7 6. d4 e6 7. g3 Be7 8. Bg2 f6 9. h3 Bh5 10. Qe2 fxe5 11. g4 Bg6 12. Nxe5 Bxc2 13. Ndc4 Ba4 14. Ne3 Nxe5 15. dxe5 Nd7 16. b3 Bb5 17. Qb2 Bb4+ 18. Bd2 Bxd2+ 19. Kxd2 Qg5 20. a4 Ba6 21. b4 Qxe5 22. Rab1 Qxb2+ 23. Rxb2 b5 24. a5 0-0 25. Rf1 Bb7 26. f4 Rf7 27. Nc2 e5 28. f5 e4 29. Nd4 Ne5 30. Rc2 Nc4+ 31. Ke2 a6 32. Rf4 Ne5 33. Kd1 Nd3 34. Rf1 Nxb4 35. Rc5 Nd3 36. Rc3 c5 0-1

[Event "Barcelona La Lira op 12th"]
[Site "Barcelona"]
[Date "2019.05.23"]
[Round "7"]
[White "Cruz Saez, Alejandro"]
[Black "Garcia Riera, Josep"]
[Result "1-0"]
[WhiteElo "1585"]
[BlackElo "1856"]
[PlyCount "87"]
[EventDate "2019.04.04"]
[EventType "swiss"]
[EventRounds "9"]
[EventCountry "ESP"]
[SourceTitle "CBM 190 Extra"]
[Source "ChessBase"]
[SourceDate "2019.07.15"]
[SourceVersion "1"]
[SourceVersionDate "2019.07.15"]
[SourceQuality "1"]

1. e4 Nf6 2. d3 e5 3. Nf3 Nc6 4. Nbd2 Be7 5. g3 d6 6. Bg2 h6 7. 0-0 Be6 8. c3 d5 9. Re1 dxe4 10. Nxe4 0-0 11. Qc2 Qd7 12. Be3 Rfd8 13. Rad1 Nxe4 14. dxe4 Qe8 15. b3 a5 16. a4 f6 17. Bf1 Qf7 18. Nd2 b6 19. f3 Qf8 20. Bb5 Na7 21. Bf1 Bc5 22. Nc4 Rxd1 23. Rxd1 Rd8 24. Rxd8 Bxe3+ 25. Nxe3 Qxd8 26. Bc4 Bxc4 27. Nxc4 Kf7 28. Qd2 Qxd2 29. Nxd2 Ke6 30. Kf2 Nc8 31. Nc4 Nd6 32. Ne3 c6 33. Ke2 g6 34. Kd3 b5 35. axb5 cxb5 36. Nd5 f5 37. c4 bxc4+ 38. bxc4 fxe4+ 39. fxe4 a4 40. Nc3 a3 41. c5 Nb5 42. Na2 Kd7 43. Kc4 Kc6 44. Nb4+ 1-0

[Event "Barcelona La Lira op-C 11th"]
[Site "Barcelona"]
[Date "2008.07.27"]
[Round "9.3"]
[White "Romero Funieles, Rafael de Jesus"]
[Black "Cruz Saez, Alejandro"]
[Result "1-0"]
[WhiteElo "1796"]
[BlackElo "1900"]
[PlyCount "81"]
[EventDate "2008.07.19"]
[EventType "tourn"]
[EventRounds "9"]
[EventCountry "ESP"]
[SourceTitle "EXT 2024"]
[Source "ChessBase"]
[SourceDate "2023.10.10"]
[SourceVersion "1"]
[SourceVersionDate "2023.10.10"]
[SourceQuality "1"]

1. b4 e5 2. a3 d5 3. e3 c6 4. Bb2 Bd6 5. h3 Bf5 6. Nf3 Nf6 7. Nxe5 Qc7 8. Ng4 Bxg4 9. hxg4 Be5 10. d4 Bd6 11. Nd2 Nbd7 12. Qf3 0-0-0 13. g5 Ne8 14. 0-0-0 f6 15. gxf6 Nexf6 16. Qh3 b5 17. g4 h6 18. Bd3 g5 19. Rhf1 a5 20. c3 axb4 21. cxb4 Nb6 22. Kb1 Nc4 23. Nxc4 bxc4 24. Bc2 Kb7 25. f3 Nd7 26. e4 Nb6 27. e5 Be7 28. f4 gxf4 29. Rxf4 Bg5 30. Rf5 Rhf8 31. Rdf1 Qg7 32. e6 Ka8 33. Rf7 Rxf7 34. Rxf7 Qg8 35. Qg3 Rc8 36. Qd6 Bd8 37. a4 c3 38. Bxc3 Qxg4 39. e7 Qg1+ 40. Ka2 Qg2 41. Qxc6+ 1-0

[Event "Barcelona La Lira op-C 11th"]
[Site "Barcelona"]
[Date "2008.07.23"]
[Round "5.1"]
[White "Cruz Saez, Alejandro"]
[Black "Pantaleoni Reluy, Amadeu"]
[Result "0-1"]
[WhiteElo "1900"]
[BlackElo "1909"]
[PlyCount "46"]
[EventDate "2008.07.19"]
[EventType "tourn"]
[EventRounds "9"]
[EventCountry "ESP"]
[SourceTitle "EXT 2024"]
[Source "ChessBase"]
[SourceDate "2023.10.10"]
[SourceVersion "1"]
[SourceVersionDate "2023.10.10"]
[SourceQuality "1"]

1. e4 c6 2. d4 d5 3. e5 Bf5 4. Nf3 e6 5. Nc3 c5 6. Bd3 Bxd3 7. Qxd3 Nc6 8. Be3 cxd4 9. Bxd4 Nge7 10. Nb5 Nf5 11. Bc3 Bc5 12. Nbd4 Nfxd4 13. Bxd4 Bxd4 14. Nxd4 Nxe5 15. Qb5+ Qd7 16. Qc5 a6 17. Qb4 Nc6 18. Qc3 Nxd4 19. Qxd4 0-0 20. 0-0-0 Rac8 21. f4 Rc4 22. Qf2 Qc7 23. f5 Rf4 0-1

[Event "Barcelona La Lira op-C 11th"]
[Site "Barcelona"]
[Date "2008.07.21"]
[Round "3.2"]
[White "Cruz Saez, Alejandro"]
[Black "Fibla Costa, Roger"]
[Result "0-1"]
[WhiteElo "1900"]
[BlackElo "1881"]
[PlyCount "64"]
[EventDate "2008.07.19"]
[EventType "tourn"]
[EventRounds "9"]
[EventCountry "ESP"]
[SourceTitle "EXT 2024"]
[Source "ChessBase"]
[SourceDate "2023.10.10"]
[SourceVersion "1"]
[SourceVersionDate "2023.10.10"]
[SourceQuality "1"]

1. e4 e6 2. d4 d5 3. e5 c5 4. c3 Nc6 5. Nf3 Qb6 6. Bd3 Bd7 7. 0-0 cxd4 8. cxd4 Nxd4 9. Nxd4 Qxd4 10. Nc3 Qxe5 11. g3 Qc7 12. Bf4 Bd6 13. Nb5 Bxb5 14. Bxb5+ Ke7 15. Rc1 Qb6 16. Bxd6+ Qxd6 17. Qc2 Nf6 18. Qc7+ Nd7 19. Qxb7 Rab8 20. Qxd7+ Qxd7 21. Bxd7 Kxd7 22. Rc2 Rhc8 23. Rd2 Rc6 24. Re1 Rbc8 25. Ree2 Kd6 26. Re3 e5 27. Red3 d4 28. f4 f6 29. Rf3 Kd5 30. fxe5 fxe5 31. Rf5 Rc1+ 32. Kf2 R1c2 0-1

[Event "Barcelona La Lira op-C 11th"]
[Site "Barcelona"]
[Date "2008.07.20"]
[Round "2.4"]
[White "Gomez Fernandez, Miquel"]
[Black "Cruz Saez, Alejandro"]
[Result "1/2-1/2"]
[WhiteElo "1788"]
[BlackElo "1900"]
[PlyCount "82"]
[EventDate "2008.07.19"]
[EventType "tourn"]
[EventRounds "9"]
[EventCountry "ESP"]
[SourceTitle "EXT 2024"]
[Source "ChessBase"]
[SourceDate "2023.10.10"]
[SourceVersion "1"]
[SourceVersionDate "2023.10.10"]
[SourceQuality "1"]

1. d4 d5 2. c4 c6 3. cxd5 cxd5 4. Nc3 Nf6 5. Nf3 Bf5 6. Bg5 e6 7. e3 Be7 8. Nh4 Bg6 9. Nxg6 fxg6 10. Bd3 0-0 11. 0-0 Nc6 12. a3 a6 13. Rc1 Bd6 14. f4 Ne7 15. Bxf6 Rxf6 16. Qg4 Nf5 17. Rce1 Qb6 18. Re2 Nxd4 19. Ref2 Nf5 20. Bxf5 gxf5 21. Qe2 Qb3 22. Qd2 Qb6 23. Kh1 Qd8 24. Ne2 Bc5 25. Rf3 Rc8 26. Qd1 Rf7 27. Nd4 Bxd4 28. Qxd4 Qd6 29. h4 Rc4 30. Qd3 Rfc7 31. h5 h6 32. Rg3 Qb6 33. Rg6 Qxb2 34. Rxe6 Re4 35. Qxd5 Rxe6 36. Qxe6+ Rf7 37. Rd1 Qf6 38. Qc8+ Kh7 39. g3 Qc6+ 40. Qxc6 bxc6 41. Rd6 Rc7 1/2-1/2